000 02020nam a2200277 i 4500
003 DO-SdBNP
005 20250512140611.0
007 ta
008 250512b2024 dr abd|| |||| 00| 0 spa d
020 _a9789945634365
040 _aDO-SdBNP
_bspa
_cBNPHU
_erda
041 _aspa
082 4 _axxx
_bI59m 2023
_222
111 1 _aSeminario Internacional Redes Transnacionales y Migración 2023
_n(3. :
_d2023 :
_987755
_cSanto Domingo)
245 1 0 _aMemoria del Seminario Internacional Redes Transnacionales y Migración 2023
264 4 _aSanto Domingo :
_bInstituto Nacional de Migración de la República Dominicana,
_c©2024.
300 _a262 páginas :
_bilustraciones, gráficos, mapas, retratos ;
_c27 cm.
336 _atexto
_btxt
_2rdacontent
337 _asin mediación
_bn
_2rdamedia
338 _avolumen
_bnc
_2rdacarrier
505 _aPalabras de presentación --
_tMovilidad de niños, niñas adolescentes (NNA) en contextos transnacionales /
_rFabiana Gorenstein, especialista en protección infantil del Foro de las Naciones Unidas para la Infancias (Unicef), República Dominicana --
_tCadenas globales de cuidados y transnacionales /
_rKatherine Martínez, coordinadora nacional de Migración Laboral y Movilidad de la Organización Internacional del Trabajo (OIT) para la República Dominicana --
_tTeorías de las migraciones en América Latina. Reflexiones en el marco de las discusiones actuales /
_rAlejandro Canales, economista, profesor-investigador del Departamento de Estudios Regionales (INESER) de la Universidad de Guadalajara, México --
_tDinámicas socioculturales y económicas de la diáspora en contextos transnacionales /
_rAnna Cristina Hernández, directora de Vinculación y Codesarrollo del Viceministerio para las Comunidades Dominicanas en el Exterior del Ministerio de Relaciones Exteriores de la República Dominicana --
590 _aInventariado, 2025 /LP
710 2 _aInstituto Nacional de Migración de la República Dominicana
_987748
910 _aLP
942 _2ddc
_cLBS1
999 _c58458
_d58458